Các phương pháp nghiên cứu thực vật

Giới thiệu phương pháp nghiên cứu hệ thực vật. Các phương pháp phân loại. Phương pháp nghiên cứu thảm thực vật và phần dưới mặt đất của các thực vật riêng biệt và của quần xã thực vật. Phương pháp nghiên cứu đa dạng thực vật và...

Ausführliche Beschreibung

Gespeichert in:
Bibliographische Detailangaben
1. Verfasser: Nguyễn, Nghĩa Thìn
Format: Buch
Sprache:Undetermined
Veröffentlicht: H. ĐHQGHN 2008
Schlagworte:
Online Zugang:http://lrc.tdmu.edu.vn/opac/search/detail.asp?aID=2&ID=7772
Tags: Tag hinzufügen
Keine Tags, Fügen Sie den ersten Tag hinzu!
Thư viện lưu trữ: Trung tâm Học liệu Trường Đại học Thủ Dầu Một
LEADER 01154nam a2200205Ia 4500
001 TDMU_7772
008 210410s9999 xx 000 0 und d
082 |a 580.72 
090 |b NG527 
100 |a Nguyễn, Nghĩa Thìn 
245 0 |a Các phương pháp nghiên cứu thực vật 
245 0 |c Nguyễn Nghĩa Thìn 
260 |a H. 
260 |b ĐHQGHN 
260 |c 2008 
300 |a 171tr 
520 |a Giới thiệu phương pháp nghiên cứu hệ thực vật. Các phương pháp phân loại. Phương pháp nghiên cứu thảm thực vật và phần dưới mặt đất của các thực vật riêng biệt và của quần xã thực vật. Phương pháp nghiên cứu đa dạng thực vật và thực vật học dân tộc. Điều tra - giám sát thực vật. Bảo quản vật mẫu và phòng mẫu 
650 |a Thực vật; Phương pháp nghiên cứu 
856 |u http://lrc.tdmu.edu.vn/opac/search/detail.asp?aID=2&ID=7772 
980 |a Trung tâm Học liệu Trường Đại học Thủ Dầu Một